000 00625nam 22001933 4500
001 201938
090 _a201938
100 _a20260423d u||y0pory50 ba
200 _aO "horror" na literatura portuguesa
_fMaria Leonor Machado de Sousa
205 _a
210 _a[Lisboa]
_cInstituto da Cultura Portuguesa
_d1979
215 _a113, [3] p.
_cbrochado
_d20 cm
225 _aBiblioteca breve. Série literatura
_h32
606 _93661
_aCrítica Literária.Estudos Literários
675 _a82.09
_vPT
_zpor
700 _97007
_aSousa
_bMaria Leonor Machado de
_f1932-2021
801 _aPT
_bBMMN
_gRPC
830 _cVanda
990 _cLIVROS